Filmographie d'Emma Stone - Statistiques

Statistiques générales
  • Ce quiz a été pris 28 fois
  • Le résultat moyen est 15 sur 47
Statistiques - réponses
Hint Réponse % Correct
Long-métrages 2016 La La Land
91%
Long-métrages 2012 The Amazing Spider-Man
82%
Long-métrages 2014 The Amazing Spider-Man : Le Destin d'un héros
82%
Long-métrages 2023 Pauvres Créatures
68%
Productrice 2024 Pauvres Créatures
68%
Long-métrages 2021 Cruella
64%
Productrice 2020 Cruella
64%
Long-métrages 2011 Crazy, Stupid, Love
55%
Long-métrages 2024 Kinds of Kindness
50%
Long-métrages 2013 Gangster Squad
45%
Long-métrages 2018 La Favorite
45%
Long-métrages 2007 SuperGrave
41%
Long-métrages 2011 La Couleur des sentiments
41%
Long-métrages 2014 Birdman
36%
Long-métrages 2010 Easy Girl
36%
Doublage 2013 Les Croods
32%
Long-métrages 2017 Battle of the Sexes
27%
Long-métrages 2009 Bienvenue à Zombieland
27%
Long-métrages 2025 Eddington
27%
Long-métrages 2015 L'Homme irrationnel
27%
Long-métrages 2014 Magic in the Moonlight
27%
Télévision 2006 Malcolm
27%
Télévision 2018 Maniac
27%
Long-métrages 2019 Retour à Zombieland
27%
Long-métrages 2008 Super blonde
27%
Télévision 2023 The Curse
23%
Long-métrages 2009 Hanté par ses ex
18%
Long-métrages 2010 Marmaduke
18%
Long-métrages 2008 The Rocker
18%
Long-métrages 2015 Welcome Back
18%
Télévision 2011 30 Rock
14%
Productrice 2024 A Real Pain
14%
Théatre 2014-2015 Cabaret
14%
Télévision 2005 Médium
14%
Télévisionq 2007 Drive
14%
Télévision 2012 iCarly
14%
Télévision 2006 La Vie de palace de Zack et Cody
14%
Doublage 2020 Le Cerveau, en bref
14%
Doublage 2020 Les Croods 2 : Une nouvelle ère
14%
Télévision 2006 Lucky Louie
14%
Long-métrages 2013 My Movie Project
14%
Long-métrages 2009 Paper Man
14%
Long-métrages 2016 Popstar : Célèbre à tout prix
14%
Télévision 2011 Robot Chicken
14%
Long-métrages 2011 Sexe entre amis
14%
Jeux vidéo 2012 Sleeping Dogs
14%
Court-métrages 2022 Vlihi
14%
Aucun quiz correspondant
Distribution des résultats
% des personnes avec chaque résultat
Percentile par nombre de réponses
Votre historique - résultats
Vous n’avez pas pris ce quiz